Premier League Player of the Season - Statistics

General Stats
  • This quiz has been taken 95 times
    16 since last reset
  • The average score is 27 of 31
Answer Stats
Season Player Nationality Club % Correct
22-23 Erling Haaland Norway Manchester City FC
100%
12-13 Gareth Bale Wales Tottenhm Hotspur FC
100%
19-20 Kevin De Bruyne Belgium Manchester City FC
100%
21-22 Kevin De Bruyne Belgium Manchester City FC
100%
13-14 Luis Suarez Uruguay Liverpool FC
100%
17-18 Mohamed Salah Egypt Liverpool FC
100%
24-25 Mohamed Salah Egypt Liverpool FC
100%
03-04 Thierry Henry France Arsenal FC
100%
05-06 Thierry Henry France Arsenal FC
100%
18-19 Virgil van Dijk Netherlands Liverpool FC
100%
06-07 Cristiano Ronaldo Portugal Manchester United FC
94%
07-08 Cristiano Ronaldo Portugal Manchester United FC
94%
14-15 Eden Hazard Belgium Chelsea FC
94%
04-05 Frank Lampard England Chelsea FC
94%
15-16 Jamie Vardy England Leicester City FC
94%
08-09 Nemanja Vidic Serbia Manchester United FC
94%
10-11 Nemanja Vidic Serbia Manchester United FC
94%
23-24 Philip Foden England Manchester City FC
94%
09-10 Wayne Rooney England Manchester United FC
94%
94-95 Alan Shearer England Blackburn Rovers FC
88%
97-98 MIchael Owen England Liverpool FC
88%
16-17 N`Golo Kante France Chelsea FC
88%
02-03 Van Nistelrooy Netherlands Manchester United FC
88%
11-12 Vincent Kompany Belgium Manchester City FC
88%
98-99 Dwight Yorke Trinidad Manchester United FC
75%
01-02 Fredrik Ljungberg Sweden Arsenal FC
75%
00-01 Patrick Vieira France Arsenal FC
75%
20-21 Ruben Dias Portugal Manchester City FC
75%
95-96 Peter Schmeichel Denmark Manchester United FC
69%
99-00 Kevin Phillips England Sunderland AFC
44%
96-97 Juninho Paulista Brazil Middlesbrough FC
6%
No matching quizzes found
Score Distribution
Percent of People with Each Score
Percentile by Number Answered
Your Score History
You have not taken this quiz since the last reset